000
00288nam a22001337a 4500
005
20250812160925.0
082
_a
678
_b
SEY
245
0
_a
Applications of polymers
260
_a
New York
_b
Plenum
_c
1988
650
_a
olymers
700
_a
Mark, Herman F
700
_a
Seymour
942
_c
BK
999
_c
39993
_d
39993